| 000 | 00838nam a2200265 a 4500 | ||
|---|---|---|---|
| 003 | AR-BaBNM | ||
| 005 | 20251128203619.0 | ||
| 008 | 082120s2002 ||||||||||||||000 | spa|| | ||
| 040 | _cAR-BaBNM | ||
| 100 | 1 | _aBarja, César | |
| 245 | 0 | 0 |
_aLibros y autores contemporáneos _bGanivet - Unamuno - Ortega y Gasset - Azorín - Baroja - Valle-Inclán - A. Machado - Pérez de Ayala |
| 260 |
_aMadrid _bLibrería General de Victoriano Suárez _c1935 |
||
| 300 | _a493 p. | ||
| 490 | 0 | _aLiteratura española | |
| 500 | _aContiene referencias bibliográficas en p. 467 | ||
| 500 | _aIndice de autores en p. 491 | ||
| 650 | 4 | _aCRITICA LITERARIA | |
| 650 | 4 | _aBIOGRAFIAS | |
| 650 | 4 | _aLITERATURA ESPAÑOLA | |
| 650 | 4 | _aFILOSOFIA LITERARIA | |
| 653 | _aGENERACION DE 1898 | ||
| 655 | _aLITERATURA | ||
| 942 | _cBK | ||
| 998 | _cMARTIN | ||
| 999 |
_c4143 _d4143 |
||